MARC

LEADER 00000nam0a2200000 4500
001 161336
005 20231031155858.0
035 |a (RuTPU)RU\TPU\book\174951 
090 |a 161336 
100 |a 20090606d1965 km y0rusy50 ca 
101 0 |a rus 
102 |a RU 
105 |a y g 001zy 
200 1 |a Справочник по операционному исчислению  |e справочник  |f В. А. Диткин, А. П. Прудников 
210 |a Москва  |c Высшая школа  |d 1965 
215 |a 466 с. 
320 |a Библиогр. в конце гл. 
610 1 |a операционные исчисления 
610 1 |a преобразование Лапласа-Карсона 
610 1 |a формулы обращения 
610 1 |a двухмерное преобразование 
610 1 |a рациональные функции 
610 1 |a иррациональные функции 
610 1 |a справочники 
675 |a 519.47(035)  |v 3 
675 |a 517.4(035)  |v 3 
700 1 |a Диткин  |b В. А.  |g Виталий Арсеньевич 
701 1 |a Прудников  |b А. П.  |g Анатолий Платонович 
801 1 |a RU  |b 63413507  |c 20090606  |g PSBO 
801 2 |a RU  |b 63413507  |c 20140325  |g RCR 
942 |c BK